[Event "Khanty-Mansiysk Governor Cup 7th"]
[Site "Khanty-Mansiysk"]
[Date "2011.09.06"]
[Round "7"]
[White "Shomoev, Anton"]
[Black "Zhigalko, Sergei"]
[Result "1-0"]
[WhiteElo "2577"]
[BlackElo "2689"]
[PlyCount "81"]
[EventDate "2011.08.31"]
[EventType "swiss"]
[EventRounds "9"]
[EventCountry "RUS"]
[SourceTitle "CBM 144 Extra"]
[Source "ChessBase"]
[SourceDate "2011.10.28"]
[SourceVersion "1"]
[SourceVersionDate "2011.10.28"]
[SourceQuality "1"]

1. e4 c5 2. Nf3 d6 3. d4 cxd4 4. Nxd4 Nf6 5. Nc3 a6 6. Be3 e5 7. Nb3 Be6 8. f3 Be7 9. Qd2 O-O 10. O-O-O Nbd7 11. g4 b5 12. a3 Qc7 13. g5 Nh5 14. Kb1 Rab8 15. Nd5 Bxd5 16. exd5 Nb6 17. Na5 Nxd5 18. Qxd5 Qxa5 19. Bc4 Qd8 20. Ba2 Qc8 21. Qe4 Kh8 22. f4 f5 23. Qf3 g6 24. Rhe1 b4 25. a4 Qb7 26. Rd5 Rfe8 27. Qf2 Qc6 28. Bb3 Bf8 29. fxe5 dxe5 30. Rxe5 Bg7 31. Rxe8+ Rxe8 32. Bd2 a5 33. Ka2 Rd8 34. Qa7 Qd6 35. Bc1 Qxh2 36. Qxa5 Qb8 37. Re6 Bd4 38. Re7 Ng7 39. Rb7 Qc8 40. Rxb4 Ne6 41. Rxd4 1-0

[Event "Khanty-Mansiysk Governor Cup 7th"]
[Site "Khanty-Mansiysk"]
[Date "2011.09.08"]
[Round "9"]
[White "Zhigalko, Sergei"]
[Black "Shinkevich, Vitaly"]
[Result "0-1"]
[WhiteElo "2689"]
[BlackElo "2474"]
[PlyCount "93"]
[EventDate "2011.08.31"]
[EventType "swiss"]
[EventRounds "9"]
[EventCountry "RUS"]
[SourceTitle "CBM 144 Extra"]
[Source "ChessBase"]
[SourceDate "2011.10.28"]
[SourceVersion "1"]
[SourceVersionDate "2011.10.28"]
[SourceQuality "1"]

1. e4 c5 2. Nf3 d6 3. d4 cxd4 4. Nxd4 Nf6 5. Nc3 g6 6. Be3 Bg7 7. f3 O-O 8. Qd2 Nc6 9. Bc4 Bd7 10. O-O-O Ne5 11. Be2 Qa5 12. Kb1 Rac8 13. g4 Rfe8 14. h4 Rxc3 15. Qxc3 Qxc3 16. bxc3 Rc8 17. Nb3 Nexg4 18. fxg4 Nxe4 19. Bf3 Nxc3+ 20. Kc1 Nxd1 21. Rxd1 b6 22. Be2 f5 23. g5 Kf7 24. Ba6 Rc7 25. Rd3 Bc8 26. Bxc8 Rxc8 27. Nd2 Rc6 28. Kd1 e5 29. c4 Ke6 30. Ke2 Rc7 31. a4 e4 32. Ra3 Bb2 33. Ra2 Bc3 34. Rc2 Be5 35. Nb3 f4 36. Nd4+ Bxd4 37. Bxd4 Kf5 38. Bf6 d5 39. a5 dxc4 40. a6 Rc5 41. Bc3 Rb5 42. Be1 Rb3 43. Rxc4 Ra3 44. Rc7 Rxa6 45. Rxh7 Ra2+ 46. Kf1 Kg4 47. h5 0-1

[Event "Bayern-chI Bank Hofmann 15th"]
[Site "Bad Wiessee"]
[Date "2011.11.04"]
[Round "7"]
[White "Jakubiec, Artur"]
[Black "Zhigalko, Sergei"]
[Result "0-1"]
[WhiteElo "2528"]
[BlackElo "2696"]
[PlyCount "60"]
[EventDate "2011.10.29"]
[EventType "swiss"]
[EventRounds "9"]
[EventCountry "GER"]
[SourceTitle "EXT 2012"]
[Source "ChessBase"]
[SourceDate "2011.11.24"]
[SourceVersion "1"]
[SourceVersionDate "2011.11.24"]
[SourceQuality "1"]

1. e4 c5 2. Nf3 d6 3. d4 cxd4 4. Nxd4 Nf6 5. Nc3 a6 6. Be3 e6 7. f4 Be7 8. Qf3 Nc6 9. O-O-O Qc7 10. Be2 O-O 11. g4 Nxd4 12. Bxd4 b5 13. e5 Bb7 14. Qh3 Nd7 15. Bd3 g6 16. Rhe1 dxe5 17. fxe5 b4 18. Ne4 Nxe5 19. Qh6 Rfd8 20. g5 Bxe4 21. Rxe4 Rxd4 22. Rxd4 Qc5 23. Be4 Nc6 24. Bxc6 Bxg5+ 25. Kb1 Bxh6 26. Bxa8 Bg5 27. R4d3 Bf6 28. h3 a5 29. a3 Qe5 30. Rb3 bxa3 0-1

[Event "EU-ch rapid"]
[Site "Warsaw"]
[Date "2011.12.18"]
[Round "12"]
[White "Szymanski, Marcin"]
[Black "Zhigalko, Sergei"]
[Result "0-1"]
[WhiteElo "2416"]
[BlackElo "2651"]
[PlyCount "64"]
[EventDate "2011.12.17"]
[EventType "swiss (rapid)"]
[EventRounds "13"]
[EventCountry "POL"]
[SourceTitle "CBM 145 Extra"]
[Source "ChessBase"]
[SourceDate "2012.01.03"]
[SourceVersion "1"]
[SourceVersionDate "2012.01.03"]
[SourceQuality "1"]

1. d4 Nf6 2. c4 e6 3. Nc3 Bb4 4. Qc2 O-O 5. e4 d5 6. e5 Ne4 7. Bd3 c5 8. Nge2 cxd4 9. Nxd4 Nd7 10. Bf4 Ndc5 11. O-O Bxc3 12. bxc3 Bd7 13. cxd5 Ba4 14. Nb3 Qxd5 15. Bxe4 Qxe4 16. Qxe4 Nxe4 17. Rac1 Rac8 18. c4 Rfd8 19. f3 Nc5 20. Nxc5 Rxc5 21. Be3 Ra5 22. Rf2 h6 23. Rb2 Bc6 24. Kf2 Rd3 25. Rcc2 a6 26. c5 Rd5 27. f4 Rd3 28. Rd2 Rda3 29. Re2 Bd5 30. Red2 R5a4 31. c6 Bxc6 32. Bc5 Rxf4+ 0-1

[Event "EU-ch 13th"]
[Site "Plovdiv"]
[Date "2012.03.20"]
[Round "1"]
[White "Zhigalko, Sergei"]
[Black "Diermair, Andreas"]
[Result "1-0"]
[WhiteElo "2649"]
[BlackElo "2416"]
[PlyCount "73"]
[EventDate "2012.03.20"]
[EventType "swiss"]
[EventRounds "11"]
[EventCountry "BUL"]
[SourceTitle "CBM 148"]
[Source "ChessBase"]
[SourceDate "2012.05.16"]
[SourceVersion "1"]
[SourceVersionDate "2012.05.16"]
[SourceQuality "1"]

1. d4 d5 2. c4 c6 3. Nf3 Nf6 4. e3 Bg4 5. h3 Bh5 6. Nc3 e6 7. Qb3 Qb6 8. Nh4 g5 9. Nf3 h6 10. Bd3 Rg8 11. c5 Qc7 12. Qc2 Nbd7 13. b4 a5 14. b5 e5 15. b6 Qb8 16. g4 Bg6 17. Bxg6 Rxg6 18. Bb2 e4 19. Nd2 a4 20. Nxa4 Ra6 21. O-O-O Qa8 22. Nc3 Be7 23. Kb1 Nf8 24. f3 exf3 25. Rhf1 Ne6 26. Rxf3 Nd7 27. Rdf1 Rg7 28. Nb3 Qd8 29. Qf2 f6 30. Qc2 Ndf8 31. e4 Nf4 32. Rxf4 gxf4 33. exd5 cxd5 34. Qg2 Qd7 35. Nxd5 Rg6 36. Rxf4 Rg5 37. Ne3 1-0

[Event "EU-ch 13th"]
[Site "Plovdiv"]
[Date "2012.03.21"]
[Round "2"]
[White "Papp, Gabor"]
[Black "Zhigalko, Sergei"]
[Result "1/2-1/2"]
[WhiteElo "2551"]
[BlackElo "2649"]
[PlyCount "80"]
[EventDate "2012.03.20"]
[EventType "swiss"]
[EventRounds "11"]
[EventCountry "BUL"]
[SourceTitle "CBM 148"]
[Source "ChessBase"]
[SourceDate "2012.05.16"]
[SourceVersion "1"]
[SourceVersionDate "2012.05.16"]
[SourceQuality "1"]

1. e4 c5 2. Nf3 d6 3. d4 cxd4 4. Nxd4 Nf6 5. Nc3 a6 6. Bc4 e6 7. Bb3 Nbd7 8. f4 Nc5 9. O-O Ncxe4 10. Nxe4 Nxe4 11. f5 e5 12. Qh5 d5 13. Re1 Qc7 14. c3 Bd6 15. Ne6 Bxe6 16. fxe6 O-O 17. exf7+ Kh8 18. Be3 Nf6 19. Qh3 Rxf7 20. Rad1 Raf8 21. Bxd5 Nxd5 22. Rxd5 Qc4 23. Rdd1 Bc5 24. a3 Rf2 25. b4 Bxe3 26. Qxe3 Qa2 27. Qg3 R2f7 28. Rxe5 Qxa3 29. Rde1 Qa2 30. h3 h6 31. Re8 Qf2+ 32. Qxf2 Rxf2 33. Rxf8+ Rxf8 34. Re7 Rc8 35. Rxb7 Rxc3 36. b5 axb5 37. Rxb5 Kh7 38. Kf2 Rc2+ 39. Kf3 Rc3+ 40. Kf2 Rc2+ 1/2-1/2

[Event "EU-ch 13th"]
[Site "Plovdiv"]
[Date "2012.03.23"]
[Round "4"]
[White "Stefansson, Hannes"]
[Black "Zhigalko, Sergei"]
[Result "1/2-1/2"]
[WhiteElo "2531"]
[BlackElo "2649"]
[PlyCount "72"]
[EventDate "2012.03.20"]
[EventType "swiss"]
[EventRounds "11"]
[EventCountry "BUL"]
[SourceTitle "CBM 148"]
[Source "ChessBase"]
[SourceDate "2012.05.16"]
[SourceVersion "1"]
[SourceVersionDate "2012.05.16"]
[SourceQuality "1"]

1. d4 Nf6 2. c4 e6 3. Nf3 b6 4. g3 Ba6 5. b3 Bb4+ 6. Bd2 Be7 7. Bg2 c6 8. Bc3 d5 9. Nbd2 Nbd7 10. O-O O-O 11. Re1 c5 12. e4 Nxe4 13. Nxe4 dxe4 14. Rxe4 Bb7 15. Re3 Bf6 16. dxc5 Nxc5 17. Qe2 Bxc3 18. Rxc3 Qe7 19. Rd1 Rfd8 20. Rcc1 a5 21. Nd4 h6 22. Nb5 Bxg2 23. Kxg2 Qb7+ 24. Qf3 Qxf3+ 25. Kxf3 g5 26. Ke2 Kf8 27. f3 Ke7 28. Rxd8 Rxd8 29. Rd1 Rxd1 30. Kxd1 f5 31. Ke2 Kd7 32. Nd4 Kd6 33. a3 Ke5 34. Nc6+ Kd6 35. Nd4 Ke5 36. Nc6+ Kd6 1/2-1/2

[Event "EU-ch 13th"]
[Site "Plovdiv"]
[Date "2012.03.25"]
[Round "6"]
[White "Nyzhnyk, Illya"]
[Black "Zhigalko, Sergei"]
[Result "1/2-1/2"]
[WhiteElo "2585"]
[BlackElo "2649"]
[PlyCount "39"]
[EventDate "2012.03.20"]
[EventType "swiss"]
[EventRounds "11"]
[EventCountry "BUL"]
[SourceTitle "CBM 148"]
[Source "ChessBase"]
[SourceDate "2012.05.16"]
[SourceVersion "1"]
[SourceVersionDate "2012.05.16"]
[SourceQuality "1"]

1. d4 Nf6 2. c4 e6 3. Nf3 b6 4. g3 Ba6 5. Qa4 Bb7 6. Bg2 c5 7. dxc5 Bxc5 8. O-O O-O 9. Nc3 Ne4 10. Bd2 Nxd2 11. Nxd2 Bxg2 12. Kxg2 f5 13. Rad1 Nc6 14. Nf3 g5 15. e3 Qe7 16. Nd4 Ne5 17. Nf3 Nc6 18. Nd4 Ne5 19. Nf3 Nc6 20. Nd4 1/2-1/2

[Event "EU-ch 13th"]
[Site "Plovdiv"]
[Date "2012.03.27"]
[Round "7"]
[White "Zhigalko, Sergei"]
[Black "Ipatov, Alexander"]
[Result "1/2-1/2"]
[WhiteElo "2649"]
[BlackElo "2561"]
[PlyCount "80"]
[EventDate "2012.03.20"]
[EventType "swiss"]
[EventRounds "11"]
[EventCountry "BUL"]
[SourceTitle "CBM 148"]
[Source "ChessBase"]
[SourceDate "2012.05.16"]
[SourceVersion "1"]
[SourceVersionDate "2012.05.16"]
[SourceQuality "1"]

1. e4 c6 2. d4 d5 3. e5 Bf5 4. Nf3 e6 5. Be2 c5 6. Be3 cxd4 7. Nxd4 Ne7 8. Nd2 Nbc6 9. N2f3 Be4 10. O-O Ng6 11. Bb5 Bxf3 12. Nxf3 Be7 13. c4 O-O 14. cxd5 exd5 15. Qb3 Qd7 16. Rfd1 Rfd8 17. Rac1 a6 18. Bxc6 bxc6 19. Qa4 Rac8 20. b4 Qb7 21. a3 Re8 22. Rc2 Bf8 23. Bd4 Nf4 24. g3 Qd7 25. Be3 Ng6 26. Qxa6 Ra8 27. Qd3 Nxe5 28. Nxe5 Rxe5 29. Bf4 Re6 30. Rdc1 h5 31. h4 g6 32. Kg2 Qb7 33. Kg1 Rae8 34. Be3 Bg7 35. Kh2 Qa8 36. Bc5 Qa4 37. Kg2 Ra8 38. Be3 Bf8 39. Rc3 Bg7 40. Bd4 Qa6 1/2-1/2

[Event "EU-ch 13th"]
[Site "Plovdiv"]
[Date "2012.03.28"]
[Round "8"]
[White "Maiorov, Nikita"]
[Black "Zhigalko, Sergei"]
[Result "0-1"]
[WhiteElo "2552"]
[BlackElo "2649"]
[PlyCount "68"]
[EventDate "2012.03.20"]
[EventType "swiss"]
[EventRounds "11"]
[EventCountry "BUL"]
[SourceTitle "CBM 148"]
[Source "ChessBase"]
[SourceDate "2012.05.16"]
[SourceVersion "1"]
[SourceVersionDate "2012.05.16"]
[SourceQuality "1"]

1. d4 Nf6 2. c4 e6 3. Nc3 Bb4 4. e3 O-O 5. Nge2 d5 6. a3 Be7 7. cxd5 exd5 8. g3 a5 9. Bg2 Re8 10. O-O Bf8 11. Qc2 c6 12. Bd2 g6 13. Qb3 b5 14. Rfc1 Bf5 15. Qd1 h5 16. h3 Nbd7 17. Nf4 Nb6 18. b3 Qd7 19. Qf1 a4 20. bxa4 bxa4 21. Ra2 Nc4 22. Rca1 Bd6 23. Bc1 Bxf4 24. exf4 Reb8 25. Bd2 Rb3 26. Be1 Qa7 27. Rd1 Re8 28. Re2 Reb8 29. g4 hxg4 30. hxg4 Bxg4 31. f3 Bf5 32. Bh3 Qd7 33. Bxf5 Qxf5 34. Nxa4 Ne3 0-1

[Event "EU-ch 13th"]
[Site "Plovdiv"]
[Date "2012.03.29"]
[Round "9"]
[White "Zhigalko, Sergei"]
[Black "Naiditsch, Arkadij"]
[Result "1-0"]
[WhiteElo "2649"]
[BlackElo "2702"]
[Annotator "Ftacnik,Lubomir"]
[PlyCount "77"]
[EventDate "2012.03.20"]
[EventType "swiss"]
[EventRounds "11"]
[EventCountry "BUL"]
[SourceTitle "CBM 148"]
[Source "ChessBase"]
[SourceDate "2012.05.16"]
[SourceVersion "1"]
[SourceVersionDate "2012.05.16"]
[SourceQuality "1"]

1. e4 c5 2. Nf3 Nc6 3. Bb5 g6 4. Bxc6 bxc6 5. O-O Bg7 6. Re1 Nh6 7. c3 O-O 8. h3 d6 9. d4 Qb6 {Black is ready to suffer some discomfort for the safety of his bishop pair. White can claim compensation in his mighty central pawns, but the fight for the advantage is quite a different story.} 10. b3 (10. Nbd2 cxd4 11. cxd4 Ba6 12. Nb3 f6 13. Bd2 Nf7 14. Rc1 Rac8 15. Na5 c5 16. dxc5 dxc5 17. b3 Nd6 18. Nc4 Nxc4 19. bxc4 $11 {1/2 (77) Akopian,V (2679)-Bacrot,E (2705) Elista 2008}) (10. Qc2 a5 11. Be3 cxd4 12. cxd4 f5 13. Qd2 Nf7 14. e5 Qb4 15. Nc3 dxe5 16. dxe5 Rb8 17. Rab1 Rd8 18. Qe2 Be6 19. Bd2 Bc4 $15 {1/2 (32) Svidler,P (2750)-Ivanchuk,V (2748) Nice 2010}) (10. dxc5 Qxc5 11. Be3 Qh5 12. Nbd2 f6 13. Qa4 Qb5 14. Qxb5 cxb5 15. a4 bxa4 16. Rxa4 a6 17. Nc4 Rb8 18. Nd4 Re8 19. Nc6 $14 {1-0 (50) Bologan,V (2671)-Antal,G (2545) Aix-les-Bains 2011}) (10. Na3 cxd4 11. cxd4 Be6 12. b3 d5 13. Ng5 Bc8 14. Bb2 dxe4 15. Nc4 Qc7 16. Nxe4 Nf5 17. d5 cxd5 18. Qxd5 Bb7 19. Qc5 Qf4 $11 {1-0 (19) Fedorchuk,S (2650)-Libiszewski,F (2496) Nice 2011}) (10. Qa4 Bd7 11. Nbd2 cxd4 12. cxd4 Rad8 13. Nc4 Qb7 14. Qc2 f6 15. b3 Qb5 16. Bb2 Qh5 17. Ncd2 g5 18. Nf1 f5 19. Ng3 Qg6 20. exf5 Nxf5 $11 {1-0 (38) Nevednichy,V (2575)-Wirig,A (2424) Sautron 2003}) 10... f6 {Naiditsch indirectly admits that White's development is more natural and better advanced. It makes sense to keep the position rather closed and strike only when all his forces are mobilised.} (10... f5 11. e5 Nf7 12. Nbd2 (12. Bb2 dxe5 13. dxe5 Be6 14. Qe2 c4 15. b4 a5 16. a3 Rfd8 17. Nbd2 Rd3 18. Rad1 Qa6 19. Nd4 Bd5 $15 {1/2 (80) Dinger,F (2343)-Maze,S (2577) Germany 2009}) 12... Ba6 13. Bb2 c4 14. Qc2 Rab8 15. Ba3 Qa5 16. Bb4 Qd5 17. bxc4 Bxc4 18. Nxc4 Qxc4 19. Qb3 Qxb3 20. axb3 $14 {1/2 (83) Bojkov,D (2528)-Libiszewski,F (2523) Germany 2010}) (10... cxd4 11. cxd4 f6 12. Nc3 Nf7 13. Qc2 Bd7 14. Bb2 Rac8 15. e5 fxe5 16. dxe5 Bf5 17. Qe2 Qb4 18. Na4 Rc7 19. Rac1 $14 {1-0 (26) Jaracz,P (2546)-Hobuss,U (2394) Bad Zwischenahn 2003}) 11. Be3 cxd4 12. cxd4 g5 $6 {[%mdl 16] The pawn advance to g5 (or White's to g4 for that matter) has become quite natural in many openings at a surprisingly early stage. Despite everything the strange black move at this moment gives a mild shock to anybody with any chess education.} (12... Nf7 13. Nc3 f5 14. e5 Qa5 15. Rc1 Be6 16. Ng5 Nxg5 17. Bxg5 dxe5 18. dxe5 Rfd8 19. Qf3 Kf7 20. Qf4 $11 {1-0 (53) Safarli,E (2603)-Leon Hoyos,M (2556) Benasque 2010}) (12... Bd7 13. Nc3 Qa5 14. Qd2 Qh5 15. Ne2 g5 16. Ng3 Qg6 17. h4 Ng4 18. hxg5 Nxe3 19. Qxe3 fxg5 20. e5 $11 {0-1 (56) Libiszewski,F (2369)-Pavasovic,D (2584) Pula 2003}) 13. d5 (13. Qd2 Nf7 14. Nc3 h5 15. Rac1 $14) 13... Qa6 (13... c5 14. Nbd2 g4 15. Nc4 Qd8 16. hxg4 Nxg4 17. Bf4 $14) 14. Nc3 $6 {White could have put more pressure on his opponent with the clever solution 14.dxc6.} (14. dxc6 Qxc6 15. Nc3 $1 Bb7 (15... Qxc3 16. Qd5+ Nf7 17. Rac1 Bb7 18. Qxb7 Qa5 19. Nd4 $16) 16. Rc1 Qd7 17. Qd2 $14) 14... c5 15. Ne2 Bd7 (15... g4 16. Nh4 gxh3 17. Ng3 Rf7 18. Bxh6 Bxh6 19. Nhf5 Bg7 20. Qh5 $14) 16. Ng3 Qc8 (16... Rae8 17. Qd2 Nf7 18. Rac1 $14) 17. Rc1 Qe8 18. Qd2 {Zhigalko chooses a natural looking move, but it may fail to promise any advantage. Black would have been under pressure if White had sacrificed the b-pawn for access to the d4-square.} (18. b4 $5 cxb4 19. Qd2 a5 20. Nd4 e6 (20... Rc8 21. Rxc8 Bxc8 22. Rc1 e6 23. Nc6 $16) 21. dxe6 Bxe6 22. Nh5 Bd7 23. Rc7 $16) 18... a5 19. h4 Ng4 (19... gxh4 20. Nxh4 Ng4 21. Ngf5 Kh8 22. Bf4 $14) 20. hxg5 fxg5 (20... Nxe3 $6 21. Qxe3 Qg6 22. Nf5 $16) 21. Bxg5 a4 $1 22. Rc4 {White has probably underestimated the might of Black's counterplay.} (22. b4 cxb4 23. Qxb4 Rb8 $14) 22... axb3 23. axb3 h6 $1 {Naiditsch has the vision of the 2700 player and he correctly avoid the immediate counterplay with 23...a3.} (23... Ra3 24. e5 $1 (24. Nf5 $5 Bxf5 25. exf5 Nf6 26. b4 $16) 24... Nxe5 (24... Bxe5 25. Rxg4 Bxg4 26. Nxe5 dxe5 27. Rxe5 $16) 25. Nxe5 dxe5 (25... Bxe5 26. f4 Bf6 27. Bxf6 Rxf6 28. f5 $16) 26. Rxc5 Rxb3 27. Rc7 $16) 24. Bf4 Ra3 $2 {Even with the brightest ideas the devil is in the detail. The defender has failed to suspect the worst in the centre. It was much better to start counterplay with a queen move.} (24... Qb8 $1 25. Nf5 Bxf5 26. exf5 Qxb3 27. Qe2 Nf6 $11) 25. e5 $1 Rxb3 $6 {The shock of the untimely opening of the centre was too much for Black und he chooses the second-rate solution.} (25... Qa8 26. Nh5 Ra2 27. Rc2 Rxc2 28. Qxc2 Qxd5 29. Qg6 Qf7 30. Qxf7+ Kxf7 31. exd6 $16) (25... Qg6 26. Nh4 Qh7 27. exd6 exd6 28. Ne4 $16) 26. exd6 Rb2 (26... Rf7 27. Nh5 Qf8 28. Nxg7 Rxg7 29. dxe7 Rxe7 30. Ne5 Nxe5 31. Bxe5 $18) 27. Rc2 (27. Qc1 Rf7 28. Rce4 $18) 27... Rb4 {A silent and bitter admission of defeat; something must have gone wrong in the calculations of the complex position.} (27... Rxc2 28. Qxc2 Rf7 (28... Rxf4 29. Rxe7 Qa8 30. Rxd7 Qa1+ 31. Nf1 $18) 29. Nh5 $18) 28. Rxe7 (28. Ne4 $5 Rf7 (28... exd6 29. Nxc5 Rfxf4 30. Rxe8+ Bxe8 31. Ne6 Rb1+ 32. Rc1 Rfb4 33. Qc2 Rxc1+ 34. Qxc1 $18) 29. Nxc5 Rbxf4 30. Nxd7 Rxf3 31. gxf3 Qxd7 32. Rxe7 Rxe7 33. dxe7 Ne5 34. Qe2 Qxe7 35. f4 Ng6 36. Qxe7 Nxe7 37. d6 $18) 28... Qg6 29. Rxd7 Rfxf4 30. Re7 $6 {White should have been very happy that even second rate solutions are already doing the job. It was much more clever to kill the c5-pawn.} (30. Rxc5 $1 Rb1+ 31. Rc1 Rc4 32. Rf1 $1 $18) 30... Rb1+ (30... Qxd6 31. Re6 (31. Rxg7+ $6 Kxg7 32. Nh5+ Kf8 33. Nxf4 Qxf4 $16) 31... Rb1+ 32. Nf1 Qb8 33. d6 Qb5 34. Rc1 $18) 31. Rc1 Rxc1+ 32. Qxc1 Rf8 (32... Qxd6 $2 33. Rxg7+ Kxg7 34. Nh5+ $18) 33. Qxc5 {"Justice" has been restored, White can enjoy the domination with 3 spare pawns under his belt.} Bf6 (33... Qb1+ 34. Nf1 Bf6 35. d7 Bxe7 36. Qxe7 Qb6 37. Qe6+ Qxe6 38. dxe6 $18) 34. Re1 (34. d7 Bxe7 35. Qxe7 $18) 34... h5 35. d7 h4 36. Ne4 Bd8 37. Qd6 {Zhigalko senses his chance to shorten the enemy resistance and finishes off the interesting game.} (37. Nfg5 $1 Bxg5 38. Nxg5 Qxg5 39. Re8 $18) 37... Qg7 38. Neg5 Rf6 (38... Bxg5 39. Qe6+ Kh8 40. Qxg4 $18) 39. Re8+ 1-0